Selected works of Jawaharlal Nehru / (Record no. 136443)
[ view plain ]
| 000 -LEADER | |
|---|---|
| fixed length control field | 00770nam a22002297a 4500 |
| 003 - CONTROL NUMBER IDENTIFIER | |
| control field | dpl |
| 005 - DATE AND TIME OF LATEST TRANSACTION | |
| control field | 20170124110301.0 |
| 008 - FIXED-LENGTH DATA ELEMENTS--GENERAL INFORMATION | |
| fixed length control field | 161020b xxu||||| |||| 00| 0 eng d |
| 010 ## - LIBRARY OF CONGRESS CONTROL NUMBER | |
| LC control number | 666421 |
| 035 ## - SYSTEM CONTROL NUMBER | |
| System control number | 666421 |
| 037 ## - SOURCE OF ACQUISITION | |
| Source of stock number/acquisition | Cen Lib / Ret |
| 040 ## - CATALOGING SOURCE | |
| Original cataloging agency | DPL |
| Language of cataloging | EN |
| Transcribing agency | TIT |
| 082 ## - DEWEY DECIMAL CLASSIFICATION NUMBER | |
| Classification number | 081 |
| Item number | NEH |
| 100 ## - MAIN ENTRY--PERSONAL NAME | |
| Personal name | Nehru, Jawaharlal |
| 245 ## - TITLE STATEMENT | |
| Title | Selected works of Jawaharlal Nehru / |
| Statement of responsibility, etc | by Jawaharlal Nehru |
| 260 ## - PUBLICATION, DISTRIBUTION, ETC. (IMPRINT) | |
| Place of publication, distribution, etc | New Delhi |
| Name of publisher, distributor, etc | Orient Longman |
| Date of publication, distribution, etc | 1972 |
| 270 ## - ADDRESS | |
| Address | 3/5 Asaf Ali Road |
| City | New Delhi |
| 300 ## - PHYSICAL DESCRIPTION | |
| Extent | v 1. 410 ; v 2. 469 ; ; v 3. 445 v 4. 610 v 5. 598 ; v 9. 703 ; v 10. 693 ; v 14. 655 ; v 15. 759 ; |
| Other physical details | 25cm(Hb) |
| 650 ## - SUBJECT ADDED ENTRY--TOPICAL TERM | |
| Topical term or geographic name as entry element | Nehru, Jawaharlal, -- 1889-1964. |
| 650 ## - SUBJECT ADDED ENTRY--TOPICAL TERM | |
| Topical term or geographic name as entry element | Nehru, Jawaharlal, -- 1889-1964. |
| 942 ## - ADDED ENTRY ELEMENTS (KOHA) | |
| Source of classification or shelving scheme | Dewey Decimal Classification |
| Koha item type | English Books |
| Classification part | 081 |
| Call number suffix | NEH |
| Withdrawn status | Lost status | Materials specified (bound volume or other part) | Damaged status | Not for loan | Collection code | Home library | Current library | Date acquired | Source of acquisition | Total Checkouts | Full call number | Barcode | Date last seen | Price effective from | Koha item type | Source of classification or shelving scheme | Public note |
|---|---|---|---|---|---|---|---|---|---|---|---|---|---|---|---|---|---|
| v 15 | Not For Loan | Reference | Central Library | Central Library | 02/03/2016 | Cen Lib/Ret | 081 NEH | A-086223 | 02/03/2016 | 02/03/2016 | English Books | ||||||
| v 13 | Not For Loan | Reference | Central Library | Central Library | 02/03/2016 | Cen Lib/Ret | 081 NEH | A-042417 | 02/03/2016 | 02/03/2016 | English Books | ||||||
| v 5 | Not For Loan | Reference | Central Library | Central Library | 02/03/2016 | Cen Lib/Ret | 081 NEH | 709488 | 02/03/2016 | 02/03/2016 | English Books | ||||||
| Written off | v 9 | Non-fiction | Central Library | Central Library | 02/03/2016 | Cen Lib/Ret | 081 NEH | 818859 | 02/03/2016 | 02/03/2016 | English Books | Dewey Decimal Classification | W/d list no. 6811/4 | ||||
| v 4 | Not For Loan | Reference | Central Library | Central Library | 02/03/2016 | Cen Lib/Ret | 081 NEH | 702580 | 02/03/2016 | 02/03/2016 | English Books | ||||||
| v 2 | Not For Loan | Reference | Central Library | Central Library | 02/03/2016 | Cen Lib/Ret | 081 NEH | 666420 | 02/03/2016 | 02/03/2016 | English Books | ||||||
| v 3 | Not For Loan | Reference | Central Library | Central Library | 02/03/2016 | Cen Lib/Ret | 081 NEH | 681072 | 02/03/2016 | 02/03/2016 | English Books | ||||||
| v 10 | Not For Loan | Reference | Central Library | Central Library | 02/03/2016 | Cen Lib/Ret | 081 NEH | 850944 | 02/03/2016 | 02/03/2016 | English Books | ||||||
| v 1 | Not For Loan | Reference | Central Library | Central Library | 02/03/2016 | Cen Lib/Ret | 081 NEH | 666421 | 02/03/2016 | 02/03/2016 | English Books |
